[Event "18th American Continental"]
[Site "Foz do Iguacu BRA"]
[Date "2025.05.26"]
[Round "6.100"]
[White "Dos Santos, Gabriel Conte"]
[Black "Boghi, Victor Almeida"]
[Result "0-1"]
[WhiteElo "1543"]
[BlackElo "1786"]
[WhiteFideId "22776389"]
[BlackFideId "2179067"]
[EventDate "2025.05.23"]

1. e4 d6 2. d4 g6 3. Nc3 Bg7 4. Be3 Nf6 5. f3 O-O 6. Qd2 e5 7. O-O-O exd4 8.
Bxd4 Nc6 9. Be3 Be6 10. Kb1 Ne5 11. h4 Nc4 12. Bxc4 Bxc4 13. g4 Qe7 14. h5 Rfd8
15. hxg6 fxg6 16. Bh6 d5 17. Bxg7 Kxg7 18. exd5 Bxd5 19. g5 Bxa2+ 20. Kxa2 Rxd2
21. Rxd2 Nh5 22. Nh3 Rf8 23. Rd3 a6 24. Rhd1 Qe6+ 0-1

[Event "18th American Continental"]
[Site "Foz do Iguacu BRA"]
[Date "2025.05.26"]
[Round "6.101"]
[White "Galeano Rolin, Mateo Josias"]
[Black "Ramos, Beny Irwing Pankiewicz"]
[Result "1/2-1/2"]
[WhiteElo "1502"]
[BlackElo "1773"]
[WhiteFideId "3716171"]
[BlackFideId "22725270"]
[EventDate "2025.05.23"]

1. e4 c5 2. Nf3 g6 3. Nc3 Bg7 4. h3 a6 5. a3 Nc6 6. Bc4 d6 7. d3 b5 8. Bd5 Bb7
9. Bxc6+ Bxc6 10. Be3 Nf6 11. Qd2 Nd7 12. O-O O-O 13. Bh6 Rb8 14. Bxg7 Kxg7 15.
b4 Ba8 16. Ne2 Qc7 17. c3 Rfc8 18. Rac1 c4 19. Ng3 Nb6 20. d4 Rf8 21. Qg5 Kh8
22. Qh6 f6 23. d5 Rg8 24. Nh4 Qd8 25. Ne2 Qf8 26. Qe3 Nd7 27. Nf4 Qf7 28. Ne6
Nf8 29. Nd4 Bb7 30. Nc6 Bxc6 31. dxc6 e6 32. Rcd1 Qc7 33. Qd4 Qxc6 34. Qxf6+ Rg7
35. Nf3 h6 36. e5 d5 37. Rd4 Nh7 38. Qh4 h5 39. Ng5 Nxg5 40. Qxg5 Rf8 41. Qh6+
Kg8 42. g4 Qc7 43. f4 Qf7 44. Qg5 hxg4 45. hxg4 Rh7 46. Rd2 Qg7 47. Rh2 Rxh2 48.
Kxh2 Kf7 49. Kg3 Ke8 50. Rh1 Kd7 51. Rh6 Rf7 52. Qh4 1/2-1/2

[Event "18th American Continental"]
[Site "Foz do Iguacu BRA"]
[Date "2025.05.26"]
[Round "6.102"]
[White "Vieira, Erico Vinicius Duarte"]
[Black "Ramirez Bentos, Ana Paula"]
[Result "0-1"]
[WhiteElo "1753"]
[BlackElo "1500"]
[WhiteFideId "2181843"]
[BlackFideId "3720152"]
[EventDate "2025.05.23"]

1. d4 Nf6 2. c4 c5 3. d5 b5 4. cxb5 a6 5. Nc3 axb5 6. Nxb5 Ba6 7. Nc3 g6 8. g3
d6 9. Bg2 Bg7 10. Nf3 Nbd7 11. O-O O-O 12. Re1 Qc7 13. e4 Ne8 14. Bg5 f6 15. Be3
Qa5 16. Qd2 Nc7 17. Bh6 Rfb8 18. Bxg7 Kxg7 19. h4 Nb6 20. b3 Nb5 21. Rec1 Nxc3
22. Rxc3 Nd7 23. Qe3 Bc8 24. Rcc1 Nf8 25. Nd2 Qd8 26. f4 Bg4 27. Bf3 Bxf3 28.
Qxf3 Qb6 29. Kh2 Ra7 30. f5 Rba8 31. Nc4 Qb8 32. Rc2 Nd7 33. h5 g5 34. g4 h6 35.
Qc3 Ne5 36. Nxe5 fxe5 37. Rf2 Kf6 38. Kg3 Rb7 39. Rb1 Rb4 40. a3 Rxe4 41. Rd2
Ra7 42. Qc2 Rf4 43. Qc3 Rc7 44. Rc1 Rd4 45. Rcc2 Qb7 46. Qa5 Rc8 47. Rxd4 exd4
48. Qe1 Qxd5 49. Re2 Qxb3+ 50. Kh2 Re8 51. Re6+ Kf7 52. Rxh6 Qd5 53. Rh7+ Kg8
54. Rxe7 Rxe7 55. Qxe7 Qe5+ 56. Qxe5 dxe5 57. Kg2 c4 58. Kf2 c3 59. Ke2 c2 60.
Kd2 d3 61. a4 e4 62. a5 e3+ 63. Kc1 0-1

[Event "18th American Continental"]
[Site "Foz do Iguacu BRA"]
[Date "2025.05.26"]
[Round "6.105"]
[White "Moccero, Eduardo"]
[Black "Vaz, Vania Dora Madona"]
[Result "1-0"]
[WhiteElo "1804"]
[BlackElo "1471"]
[WhiteFideId "103373"]
[BlackFideId "22793887"]
[EventDate "2025.05.23"]

1. d4 Nf6 2. Nf3 e6 3. e3 d5 4. Bd3 Be7 5. Nbd2 O-O 6. O-O Nbd7 7. c3 c5 8. e4
dxe4 9. Nxe4 b6 10. Qe2 Bb7 11. Nxf6+ Nxf6 12. Rd1 Bxf3 13. Qxf3 Qc7 14. Bg5 h6
15. Bh4 Rad8 16. Rac1 Rd5 17. dxc5 Rxc5 18. Bg3 Qc6 19. Qe2 Kh8 20. Bc2 Nh5 21.
Be5 f6 22. Qxh5 Rxe5 23. Qg6 f5 24. Rd4 Qe8 25. Qg3 Bf6 26. Rcd1 Rd5 27. Rxd5
exd5 28. Qf3 Qf7 29. Qxf5 g6 30. Qxg6 Qxg6 31. Bxg6 Kg7 32. Bh5 Rd8 33. g3 a5
34. Kf1 Kf8 35. Bf3 d4 36. cxd4 Bxd4 37. b3 Rd6 38. Be2 Ke7 39. f4 Rd8 40. Kg2
Rd6 41. Kf3 Bc5 42. Rxd6 Bxd6 43. h3 Kf6 44. g4 Bb4 45. Bd3 Bd2 46. h4 Kg7 47.
g5 Bc3 48. Kg4 1-0

[Event "18th American Continental"]
[Site "Foz do Iguacu BRA"]
[Date "2025.05.26"]
[Round "6.106"]
[White "Janke, Ligia"]
[Black "Medero, Hildo Rodrigo"]
[Result "1-0"]
[WhiteElo "1649"]
[BlackElo "1553"]
[WhiteFideId "538021609"]
[BlackFideId "20029098"]
[EventDate "2025.05.23"]

1. e4 c5 2. Nf3 g6 3. d4 cxd4 4. Nxd4 Nc6 5. Be3 Bg7 6. Nc3 Nf6 7. f3 O-O 8. Qd2
Nxd4 9. Bxd4 a6 10. g4 h6 11. h4 b5 12. a3 Bb7 13. g5 hxg5 14. hxg5 Nh5 15. Bxg7
Kxg7 16. O-O-O Qc7 17. Kb1 Rad8 18. Qd4+ f6 19. Bd3 Qe5 20. gxf6+ exf6 21. Qg1
Qg3 22. Rxh5 Qxg1 23. Rxg1 Rh8 24. Rxh8 Rxh8 25. Nd5 Kf7 26. c4 Bc6 27. cxb5
axb5 28. Nc3 Rh5 29. Ne2 Rh4 30. Nd4 Rh5 31. Nxc6 dxc6 32. Rc1 Rh3 33. Rxc6 Rxf3
34. Bxb5 Re3 35. Bc4+ Ke7 36. Bd5 Rd3 37. Rc3 Rd4 38. Kc2 Kd6 39. Rc4 Rxc4+ 40.
Bxc4 Ke5 41. Bd5 g5 42. Bb7 g4 43. Kd2 Kf4 44. Ke2 g3 45. Kf1 Kg4 46. Kg2 Kf4 1-0

[Event "18th American Continental"]
[Site "Foz do Iguacu BRA"]
[Date "2025.05.27"]
[Round "7.1"]
[White "Bachmann, Axel"]
[Black "Shankland, Sam"]
[Result "1/2-1/2"]
[WhiteTitle "GM"]
[BlackTitle "GM"]
[WhiteElo "2570"]
[BlackElo "2666"]
[WhiteFideId "3700488"]
[BlackFideId "2004887"]
[EventDate "2025.05.23"]

1. Nf3 Nf6 2. c4 g6 3. b3 Bg7 4. Bb2 O-O 5. g3 d6 6. Bg2 e5 7. d3 a5 8. Nc3 c6
9. O-O Na6 10. a3 Rb8 11. Qc2 Re8 12. e4 Bg4 13. h3 Bxf3 14. Bxf3 b5 15. Rab1 b4
16. axb4 axb4 17. Ne2 d5 18. exd5 cxd5 19. Ra1 Nc5 20. d4 e4 21. dxc5 exf3 22.
Nd4 Qc8 23. Nxf3 Qxc5 24. Bd4 Qc8 25. Qb2 dxc4 26. bxc4 Qc6 27. Ne5 Qe6 28. Ng4
Nxg4 29. Bxg7 Ne5 30. Bxe5 Qxe5 31. Qxe5 Rxe5 1/2-1/2

[Event "18th American Continental"]
[Site "Foz do Iguacu BRA"]
[Date "2025.05.27"]
[Round "7.2"]
[White "Oparin, Grigoriy"]
[Black "Hungaski, Robert"]
[Result "1-0"]
[WhiteTitle "GM"]
[BlackTitle "GM"]
[WhiteElo "2660"]
[BlackElo "2477"]
[WhiteFideId "24125890"]
[BlackFideId "2021030"]
[EventDate "2025.05.23"]

1. e4 e5 2. Nf3 Nc6 3. Bc4 Nf6 4. d3 Be7 5. Nc3 O-O 6. a4 d6 7. a5 Bg4 8. a6 b6
9. h3 Bxf3 10. Qxf3 Nd4 11. Qd1 c6 12. O-O Qd7 13. Ba2 Ne6 14. Be3 d5 15. exd5
Nxd5 16. Nxd5 cxd5 17. d4 exd4 18. Bxd4 Nxd4 19. Qxd4 Bf6 20. Qb4 d4 21. Bc4
Rac8 22. Rfe1 Rc5 23. Re4 Re8 24. Rae1 Rxe4 25. Rxe4 Re5 26. Rxe5 Bxe5 27. Qb3
g6 28. h4 Kg7 29. g3 h5 30. Qd3 Qe7 31. b3 Qf6 32. Qe4 Bd6 33. Kg2 Bc5 34. f4
Qe7 35. Qd5 b5 36. Bxb5 Bb6 37. Bc4 Qf6 38. b4 Kf8 39. b5 Kg7 40. Kf3 Qe7 41.
Qe5+ Qxe5 42. fxe5 Kf8 43. Ke4 Ke7 44. Kd5 f6 45. e6 Bc7 46. Kxd4 Kd6 47. Ke4
Bd8 48. Kf4 Ke7 49. Ke4 Kd6 50. Bd5 Kc5 51. Bc6 Kd6 52. Be8 f5+ 53. Kf4 g5+ 54.
Kxf5 g4 1-0

[Event "18th American Continental"]
[Site "Foz do Iguacu BRA"]
[Date "2025.05.27"]
[Round "7.3"]
[White "Fier, Alexandr"]
[Black "Martinez Alcantara, Jose Eduardo"]
[Result "0-1"]
[WhiteTitle "GM"]
[BlackTitle "GM"]
[WhiteElo "2556"]
[BlackElo "2611"]
[WhiteFideId "2107139"]
[BlackFideId "3805662"]
[EventDate "2025.05.23"]

1. e4 e5 2. Nf3 Nc6 3. Bc4 Bc5 4. c3 Nf6 5. d3 d6 6. O-O a5 7. Re1 Ba7 8. Bb3
O-O 9. h3 h6 10. d4 Re8 11. Bc2 Bd7 12. a4 exd4 13. cxd4 Nb4 14. Nc3 Nxc2 15.
Qxc2 c6 16. Bd2 Be6 17. Ra3 Rc8 18. Qc1 b5 19. axb5 cxb5 20. Bxh6 Nh7 21. Qf4 b4
22. Qg3 Qf6 23. Rxa5 Qxh6 24. Rxa7 bxc3 25. bxc3 Rxc3 26. Ra6 Rc1 27. Rxd6 Nf6
28. Qe5 Rxe1+ 29. Nxe1 Qc1 30. Qa5 Nxe4 31. Rd8 Nf6 32. Rxe8+ Nxe8 33. Qe5 Nf6
34. Kh2 Qd2 35. Kg3 Bd5 36. f3 Be4 37. fxe4 Qxe1+ 38. Kf3 Qf1+ 39. Kg3 Qd3+ 40.
Kf4 Qe2 41. Qb8+ Kh7 0-1

[Event "18th American Continental"]
[Site "Foz do Iguacu BRA"]
[Date "2025.05.27"]
[Round "7.4"]
[White "Henriquez Villagra, Cristobal"]
[Black "Villanueva, Mario"]
[Result "1-0"]
[WhiteTitle "GM"]
[BlackTitle "IM"]
[WhiteElo "2597"]
[BlackElo "2454"]
[WhiteFideId "3409350"]
[BlackFideId "113433"]
[EventDate "2025.05.23"]

1. d4 d5 2. c4 e6 3. Nc3 Nf6 4. cxd5 exd5 5. Bg5 Be7 6. e3 h6 7. Bh4 Bg4 8. Nf3
O-O 9. h3 Bxf3 10. Qxf3 Nbd7 11. Bd3 c6 12. Rc1 Re8 13. Bg3 Nf8 14. O-O a5 15.
Rc2 Bd6 16. Bh4 Be7 17. Rd1 N6h7 18. Bg3 Bd6 19. h4 1-0

[Event "18th American Continental"]
[Site "Foz do Iguacu BRA"]
[Date "2025.05.27"]
[Round "7.5"]
[White "Jacobson, Brandon"]
[Black "Quesada Perez, Luis Ernesto"]
[Result "0-1"]
[WhiteTitle "GM"]
[BlackTitle "GM"]
[WhiteElo "2582"]
[BlackElo "2546"]
[WhiteFideId "30901561"]
[BlackFideId "3520773"]
[EventDate "2025.05.23"]

1. e4 e5 2. Nf3 Nc6 3. Bc4 Nf6 4. d3 Bc5 5. a4 d6 6. a5 a6 7. c3 O-O 8. O-O Ne7
9. b4 Ba7 10. Be3 Bxe3 11. fxe3 Ng6 12. Qe2 c6 13. Nbd2 d5 14. exd5 cxd5 15. Bb3
Be6 16. Ng5 Bg4 17. Qe1 h6 18. Ngf3 Rc8 19. Rc1 Be6 20. d4 e4 21. Nh4 Ne7 22.
Ba2 Ne8 23. g3 Nd6 24. Nb3 Bd7 25. Nc5 g5 26. Ng2 Bb5 27. Rf2 Rc6 28. Qd1 Qc8
29. Qh5 Kg7 30. Ne1 Bc4 31. Bxc4 Nxc4 32. Nc2 Rg6 33. g4 Ng8 34. Rcf1 Nd6 35.
Kh1 Ne7 36. Na3 f5 37. gxf5 Rxf5 38. Rxf5 Nexf5 39. Nc2 Nh4 40. Qe2 Qh3 41. Rg1
Rf6 42. Ne1 Nf3 43. Rg3 Qf5 44. Kg2 Nh4+ 45. Kg1 Kg6 46. Ng2 Nf3+ 47. Kh1 Kh7
48. Ne1 Rf7 49. Rg2 Nh4 50. Rg1 Nc4 51. Nb3 Qf2 52. Qxf2 Rxf2 53. h3 Nxe3 54.
Nc5 Re2 55. Nd7 Nf3 0-1

[Event "18th American Continental"]
[Site "Foz do Iguacu BRA"]
[Date "2025.05.27"]
[Round "7.6"]
[White "Cardoso Cardoso, Jose Gabriel"]
[Black "Hong, Andrew"]
[Result "1-0"]
[WhiteTitle "GM"]
[BlackTitle "GM"]
[WhiteElo "2516"]
[BlackElo "2579"]
[WhiteFideId "4430492"]
[BlackFideId "2099438"]
[EventDate "2025.05.23"]

1. e4 c5 2. Nf3 d6 3. d4 cxd4 4. Nxd4 Nf6 5. Nc3 a6 6. h3 e5 7. Nb3 Be6 8. f4 b5
9. Qf3 Nc6 10. g4 Rc8 11. Qg2 d5 12. f5 Bd7 13. exd5 Nb4 14. a3 Nbxd5 15. Nxd5
Bc6 16. Nxf6+ Qxf6 17. Qg1 Qh4+ 18. Kd1 Qd8+ 19. Bd2 Bf3+ 20. Be2 Be4 21. Rc1
Qd5 22. Rh2 Rc7 23. c4 Rxc4 24. Qf2 Rc2 25. Qe3 Rxb2 26. Na5 Bd6 27. Qc3 Qd4 28.
Qxd4 exd4 29. Bxb5+ Kd8 30. Bg5+ 1-0

[Event "18th American Continental"]
[Site "Foz do Iguacu BRA"]
[Date "2025.05.27"]
[Round "7.7"]
[White "Schnaider, Ilan"]
[Black "Mareco, Sandro"]
[Result "1/2-1/2"]
[WhiteTitle "IM"]
[BlackTitle "GM"]
[WhiteElo "2388"]
[BlackElo "2585"]
[WhiteFideId "169013"]
[BlackFideId "112275"]
[EventDate "2025.05.23"]

1. e4 c6 2. d4 d5 3. e5 c5 4. dxc5 e6 5. c3 Nd7 6. Nf3 Nxc5 7. c4 dxc4 8. Qxd8+
Kxd8 9. Bxc4 Bd7 10. O-O b5 11. Be2 Ne7 12. Rd1 Nd5 13. Ng5 Ke8 14. Bh5 g6 15.
Bf3 h6 16. Ne4 Nxe4 17. Bxe4 b4 18. a3 a5 19. axb4 Bxb4 20. Bd2 Ke7 21. Nc3 Bc6
22. h4 Rhc8 23. Bxd5 exd5 24. Bxh6 Bxc3 25. bxc3 a4 26. Be3 Ke6 27. Bd4 Rcb8 1/2-1/2

[Event "18th American Continental"]
[Site "Foz do Iguacu BRA"]
[Date "2025.05.27"]
[Round "7.8"]
[White "Spata, German"]
[Black "Supi, Luis Paulo"]
[Result "0-1"]
[WhiteTitle "FM"]
[BlackTitle "GM"]
[WhiteElo "2376"]
[BlackElo "2566"]
[WhiteFideId "113026"]
[BlackFideId "2106388"]
[EventDate "2025.05.23"]

1. d4 Nf6 2. Nf3 g6 3. c4 Bg7 4. Nc3 O-O 5. e4 d6 6. Be2 Na6 7. O-O e5 8. Be3
Qe7 9. dxe5 dxe5 10. Nd5 Qd8 11. Bg5 c6 12. Nxf6+ Bxf6 13. Qxd8 Bxd8 14. Bd2 Nc5
15. Nxe5 Re8 16. Nf3 Nxe4 17. Be3 Bf6 18. Bd4 Bg4 19. Bxf6 Nxf6 20. Rfe1 Re4 21.
b3 a5 22. h3 Bxf3 23. Bxf3 Rxe1+ 24. Rxe1 Nd7 25. a3 Kf8 26. Kf1 Nc5 27. b4 axb4
28. axb4 Nd3 29. Rb1 Ra2 30. b5 Ne5 31. bxc6 bxc6 32. Rb6 Rc2 33. Bxc6 Rxc4 34.
Bd5 Rc5 35. Be4 Rc4 36. Bb1 h5 37. Ke2 h4 38. Rb2 Kg7 39. Rb5 Nc6 40. Rb2 Ne5
41. Rb5 Kf6 42. Rb2 Kg5 43. Ba2 Re4+ 44. Kd2 f5 45. Rc2 Kf4 46. Rc3 Rd4+ 47. Ke2
Rb4 48. g3+ hxg3 49. fxg3+ Ke4 50. Rb3 Ra4 51. Bb1+ Kd4 52. Kf2 Rc4 53. g4 f4
54. Rb2 Rc1 55. Rd2+ Kc4 56. Re2 Kd5 57. Be4+ Kd4 58. Bc2 f3 59. Rd2+ Kc3 60.
Rd5 Rxc2+ 0-1

[Event "18th American Continental"]
[Site "Foz do Iguacu BRA"]
[Date "2025.05.27"]
[Round "7.9"]
[White "Garcia Pantoja, Roberto"]
[Black "Campos Gomez, Manuel"]
[Result "0-1"]
[WhiteTitle "GM"]
[BlackTitle "IM"]
[WhiteElo "2531"]
[BlackElo "2355"]
[WhiteFideId "3509265"]
[BlackFideId "4444710"]
[EventDate "2025.05.23"]

1. e4 c5 2. Nf3 e6 3. c3 Nf6 4. Bd3 d5 5. e5 Nfd7 6. Bc2 c4 7. d4 cxd3 8. Bxd3
Nc6 9. Qe2 Qc7 10. Bf4 f6 11. Bb5 f5 12. Nd4 Nxd4 13. cxd4 Bb4+ 14. Kf1 O-O 15.
Nd2 Nb8 16. Bd3 Bxd2 17. Bxd2 Qb6 18. Bc3 Nc6 19. Qe3 Bd7 20. h4 Kh8 21. Qf4 Nb4
22. Bb1 a5 23. a3 Nc6 24. a4 Nb4 25. Kg1 Qd8 26. Rh3 Qe8 27. Qd2 Qe7 28. Ra3
Rfc8 29. Qf4 Qe8 30. g4 Qf7 31. gxf5 exf5 32. Bd2 Qh5 33. Raf3 Rf8 34. Rhg3 Ra6
35. Rg5 Rg6 36. Rxg6 Qxg6+ 37. Rg3 Qh5 38. Kg2 h6 39. b3 Be6 40. Bxb4 axb4 41.
Bd3 Rc8 42. Re3 g5 43. hxg5 hxg5 44. Qf3 Qxf3+ 45. Kxf3 f4 46. Re1 Rc3 47. Ke2
Rxb3 48. Rh1+ Kg8 49. Rh6 Bg4+ 50. Kd2 Rb2+ 51. Ke1 Rb3 52. Kd2 Rb2+ 53. Ke1 Rb3
54. Kd2 Rb2+ 55. Kc1 Rxf2 56. Rg6+ Kf7 57. Rxg5 Rg2 58. Bf5 Rg1+ 59. Kd2 Rd1+
60. Kc2 Be2 61. Bg4 Bxg4 62. Rxg4 Rxd4 63. a5 Re4 64. Kb3 f3 65. Rg5 Rf4 66. Rg1
f2 67. Rf1 Ke6 68. Ka4 Kxe5 69. Kb5 b3 70. Kb6 b2 71. a6 bxa6 72. Rxf2 Rxf2 0-1

[Event "18th American Continental"]
[Site "Foz do Iguacu BRA"]
[Date "2025.05.27"]
[Round "7.10"]
[White "Filgueiras, Nathan Felipe"]
[Black "Diamant, Andre"]
[Result "0-1"]
[WhiteTitle "IM"]
[BlackTitle "GM"]
[WhiteElo "2370"]
[BlackElo "2487"]
[WhiteFideId "2188562"]
[BlackFideId "2108356"]
[EventDate "2025.05.23"]

1. e4 c5 2. Nf3 d6 3. d4 cxd4 4. Nxd4 Nf6 5. Nc3 a6 6. Nb3 Nbd7 7. Be3 b5 8. a4
b4 9. Nd5 e6 10. Nxf6+ Nxf6 11. f3 Qc7 12. a5 d5 13. Bb6 Qb8 14. Bd3 Bd6 15. Qe2
O-O 16. O-O-O Bb7 17. Kb1 dxe4 18. Bxe4 Nxe4 19. fxe4 Bc6 20. Rd4 e5 21. Rd2 Be7
22. Rhd1 Qb7 23. Qh5 Rac8 24. Qxe5 Bf6 25. Qf4 Bxe4 26. Nc5 Rxc5 27. Bxc5 b3 28.
Ba3 bxc2+ 29. Rxc2 Qc6 30. Rd2 Rc8 31. Qf2 Bg5 32. Re2 Bg6 33. Qc5 Qd7 34. Qd6
Qb5 35. Ka1 Bxc2 36. Rxc2 Rd8 37. Qc5 Qf1+ 38. Ka2 h6 39. Qf2 Qd3 40. Qc5 Rd5
41. Qf8+ Kh7 42. Qxf7 Bf6 43. Rc8 Rxa5 44. Qg8+ Kg6 45. Qe8+ Kh7 46. Qg8+ Kg6
47. Qe8+ Kg5 48. h4+ Kg4 49. Qe6+ Rf5 50. Rc4+ Kg3 51. Bd6+ Kxg2 52. Rg4+ Kf1
53. Qc8 Ra5+ 54. Ba3 Rxa3+ 55. bxa3 Qd2+ 0-1

[Event "18th American Continental"]
[Site "Foz do Iguacu BRA"]
[Date "2025.05.27"]
[Round "7.11"]
[White "Shabalov, Alexander"]
[Black "Matsuura, Everaldo"]
[Result "1-0"]
[WhiteTitle "GM"]
[BlackTitle "GM"]
[WhiteElo "2483"]
[BlackElo "2354"]
[WhiteFideId "2008572"]
[BlackFideId "2100169"]
[EventDate "2025.05.23"]

1. e4 c5 2. Nf3 Nc6 3. d4 cxd4 4. Nxd4 Nf6 5. Nc3 e5 6. Ndb5 d6 7. Nd5 Nxd5 8.
exd5 Nb8 9. a4 Be7 10. Be2 O-O 11. O-O f5 12. b4 Nd7 13. a5 a6 14. Na3 e4 15.
Nc4 Bf6 16. Ra3 Ne5 17. Nb6 Rb8 18. c4 Bd7 19. c5 Bb5 20. Bxb5 axb5 21. Bf4 Rf7
22. Qe2 Qe8 23. cxd6 Rd8 24. Bxe5 Qxe5 25. Qxb5 f4 26. Qe2 Rxd6 27. Nc4 f3 28.
Qe3 Qf5 29. gxf3 Bd4 30. Qxd4 exf3 31. Kh1 Rxd5 32. Qh4 Qg6 33. Ne3 Rh5 34. Qd8+
Rf8 35. Qc7 Rf7 36. Qc8+ Rf8 37. Qc4+ Kh8 38. Rg1 Qd6 39. Nf1 Rd5 40. Qg4 Qf6
41. Re3 1-0

[Event "18th American Continental"]
[Site "Foz do Iguacu BRA"]
[Date "2025.05.27"]
[Round "7.12"]
[White "Avila Pavas, Santiago"]
[Black "Villarreal, Agustin"]
[Result "1-0"]
[WhiteTitle "GM"]
[BlackTitle "FM"]
[WhiteElo "2469"]
[BlackElo "2272"]
[WhiteFideId "4437128"]
[BlackFideId "125687"]
[EventDate "2025.05.23"]

1. e4 e5 2. Nf3 Nc6 3. Bc4 Nf6 4. d3 h6 5. c3 d6 6. a4 g6 7. Qb3 Qe7 8. a5 a6 9.
O-O Bg7 10. Re1 O-O 11. d4 Nh5 12. Be3 g5 13. h3 Nf4 14. Nbd2 Qf6 15. dxe5 dxe5
16. Nh2 h5 17. Ndf1 Ne7 18. Bxf4 gxf4 19. Qd1 Qg5 20. Nf3 Qf6 21. N1h2 Ng6 22.
Qb3 Re8 23. Rad1 Bf8 24. Ng5 Qxg5 25. Bxf7+ Kh8 26. Nf3 Qe7 27. Bxg6 Be6 28.
Qxb7 Qg7 29. Bxe8 Bxh3 30. Bg6 Qxg6 31. Nh4 Qg5 32. Qxa8 Kg7 33. Rd3 1-0

[Event "18th American Continental"]
[Site "Foz do Iguacu BRA"]
[Date "2025.05.27"]
[Round "7.13"]
[White "Buganca, Luiz Henrique Da Silva"]
[Black "Coro, Lucas"]
[Result "0-1"]
[WhiteTitle "CM"]
[BlackTitle "IM"]
[WhiteElo "2114"]
[BlackElo "2434"]
[WhiteFideId "2182289"]
[BlackFideId "147222"]
[EventDate "2025.05.23"]

1. d4 Nf6 2. c4 g6 3. Nc3 d5 4. e3 Bg7 5. Qb3 e6 6. Qa3 Nc6 7. Nf3 Ne7 8. Be2
O-O 9. O-O Nf5 10. Rd1 Re8 11. Bd2 c6 12. Rac1 Ne4 13. Qb3 Nxd2 14. Rxd2 b6 15.
Rdd1 dxc4 16. Bxc4 Bb7 17. Be2 Rc8 18. Qa4 a5 19. Qb3 Ba8 20. Na4 Rb8 21. Qc2
Qe7 22. e4 Nd6 23. e5 Nf5 24. Bd3 c5 25. Be4 Bxe4 26. Qxe4 cxd4 27. b3 b5 28.
Nc5 Bh6 29. Rc2 Rbc8 30. b4 axb4 31. Nb3 Rc4 32. Nbxd4 Rd8 33. Rxc4 bxc4 34. g4
Nxd4 35. Rxd4 Rxd4 36. Qxd4 Qc7 37. Qe4 c3 38. Ne1 Bf8 39. h4 Qa5 40. Qe2 Be7
41. f4 Qd5 42. Nd3 Qd4+ 43. Kg2 c2 0-1

[Event "18th American Continental"]
[Site "Foz do Iguacu BRA"]
[Date "2025.05.27"]
[Round "7.14"]
[White "Liascovich, Lucas"]
[Black "Rojas Salas, Steven"]
[Result "1/2-1/2"]
[WhiteTitle "IM"]
[BlackTitle "IM"]
[WhiteElo "2417"]
[BlackElo "2343"]
[WhiteFideId "108634"]
[BlackFideId "3819434"]
[EventDate "2025.05.23"]

1. d4 d5 2. Nf3 Nf6 3. e3 c5 4. b3 Nc6 5. Bb2 cxd4 6. exd4 Bf5 7. Bd3 Bxd3 8.
Qxd3 g6 9. O-O Bg7 10. Nbd2 O-O 1/2-1/2

[Event "18th American Continental"]
[Site "Foz do Iguacu BRA"]
[Date "2025.05.27"]
[Round "7.47"]
[White "Reyes Zavaleta, Fabian Ricardo"]
[Black "Prata, Paulo Roberto Santos"]
[Result "1-0"]
[WhiteTitle "FM"]
[WhiteElo "2299"]
[BlackElo "2091"]
[WhiteFideId "3844153"]
[BlackFideId "2185806"]
[EventDate "2025.05.23"]

1. d4 d5 2. c4 e6 3. Nf3 Nf6 4. g3 Bb4+ 5. Bd2 Be7 6. Bg2 O-O 7. O-O c6 8. Qc2
Nbd7 9. Bf4 b6 10. Rd1 Bb7 11. Ne5 Rc8 12. Nc3 a6 13. e4 dxe4 14. Nxe4 Nxe4 15.
Bxe4 Nf6 16. Bf3 Bd6 17. Qe2 Qe7 18. c5 bxc5 19. dxc5 Bxc5 20. Bg5 Rfd8 21. Bh5
Bd4 22. Nxf7 Rd5 23. Bf3 c5 24. Bxd5 Bxd5 25. Ne5 h6 26. Ng6 Qb7 27. Rxd4 cxd4
28. Bxf6 gxf6 29. Nf4 Qc6 30. Re1 Bf3 31. Qd3 e5 32. Qg6+ Kf8 33. Qxh6+ Ke8 34.
Ng6 Kd7 35. Qg7+ 1-0

[Event "18th American Continental"]
[Site "Foz do Iguacu BRA"]
[Date "2025.05.27"]
[Round "7.48"]
[White "Martins, Vinicius Tine"]
[Black "Markzon, Gregory"]
[Result "1/2-1/2"]
[WhiteTitle "FM"]
[BlackTitle "FM"]
[WhiteElo "2257"]
[BlackElo "2056"]
[WhiteFideId "2112884"]
[BlackFideId "2003694"]
[EventDate "2025.05.23"]

1. Nf3 Nf6 2. c4 g6 3. Nc3 Bg7 4. e4 d6 5. d4 O-O 6. Be2 e5 7. d5 a5 8. h3 Na6
9. g4 c6 10. Be3 cxd5 11. cxd5 Bd7 12. Nd2 Nc5 13. a4 Ne8 14. h4 b6 15. Ra3 f5
16. gxf5 gxf5 17. Bb5 Bxb5 18. Nxb5 Nxe4 19. Nxe4 fxe4 20. h5 Rf3 21. h6 Bf8 22.
Rg1+ Kh8 23. Bg5 Rf6 24. Qh5 Be7 25. Rag3 Rg6 26. Bxe7 Rxg3 27. Bxd8 Rxg1+ 28.
Ke2 Rxd8 29. Qf7 Rc8 30. Ke3 Rg6 31. Qf8+ Rg8 32. Qe7 Rg6 33. Na7 Nf6 34. Qf7
Rcg8 35. Nc6 Ng4+ 36. Kd2 Rf6 37. Qd7 Nxh6 38. Ne7 Rgf8 39. Kc3 Nf7 40. Kc4 Ng5
41. Kb5 Nf7 42. Ka6 Rxf2 43. Nf5 Kg8 44. Qe6 Rg2 45. Nh6+ Kg7 46. Nf5+ Kg8 47.
Qf6 Re8 48. Ne7+ Rxe7 49. Qxe7 Rxb2 50. Qh4 Rb4 51. Kb7 Kg7 52. Kc6 h6 53. Kd7
e3 54. Qg3+ Kf6 55. Qf3+ Rf4 56. Qxe3 Rxa4 57. Qxb6 h5 58. Qe3 Rf4 59. Qh3 h4
60. Qe6+ Kg7 61. Ke7 a4 62. Qh3 Kg6 63. Qg2+ Kh6 64. Qd2 Kh5 65. Qe2+ Kh6 66.
Qd2 Ng5 67. Qe3 h3 68. Qg1 Rh4 69. Kf6 Rf4+ 70. Ke7 Nf3 71. Qg3 h2 72. Qh3+ Kg6
73. Kxd6 Kg5 74. Ke7 Rh4 75. Qg3+ Kh6 76. Qxf3 h1=Q 77. Qf6+ Kh7 1/2-1/2

[Event "18th American Continental"]
[Site "Foz do Iguacu BRA"]
[Date "2025.05.27"]
[Round "7.49"]
[White "Carcamo, Matias"]
[Black "Zallio, Luciano de Souza"]
[Result "0-1"]
[BlackTitle "CM"]
[WhiteElo "2077"]
[BlackElo "2243"]
[WhiteFideId "115541"]
[BlackFideId "2109700"]
[EventDate "2025.05.23"]

1. e4 e6 2. d4 d5 3. exd5 exd5 4. Bd3 Bd6 5. Ne2 Ne7 6. c3 O-O 7. O-O c6 8. Bf4
Bf5 9. Qc2 Bxd3 10. Qxd3 Bxf4 11. Nxf4 Nd7 12. Nd2 Re8 13. Rfe1 Qc7 14. g3 Nf6
15. c4 dxc4 16. Nxc4 Rad8 17. Rad1 Ned5 18. Nxd5 Nxd5 19. Ne3 Qd7 20. Qa3 a6 21.
Nc4 Rxe1+ 22. Rxe1 Nf6 23. Ne5 Qc7 24. Nf3 h6 25. Re7 Rd7 26. Re3 Qd8 27. Qb3
Nd5 28. Re5 f6 29. Re3 a5 30. Re2 Re7 31. Qc2 Kf7 32. Nh4 Rxe2 33. Qxe2 Ne7 34.
Qh5+ Kf8 35. Qc5 b6 36. Qa3 Ke8 37. Qe3 Kd7 38. Qf3 Kc7 39. Qe4 b5 40. Qe6 Qd7
41. Qf7 Nd5 42. Qf8 Qe7 43. Qa8 a4 44. Qa7+ Kd8 45. Qb8+ Kd7 46. Qb7+ Nc7 47.
Qb8 Qe1+ 48. Kg2 Qe4+ 49. Nf3 g5 50. h3 h5 51. Qf8 g4 52. hxg4 hxg4 53. Qf7+ Kc8
54. Qxf6 gxf3+ 55. Qxf3 Qxd4 56. Qxc6 Qxb2 0-1